Trouve qui est ce joueur. - Statistiques

Statistiques générales
  • Ce quiz a été pris 227 fois
  • Le résultat moyen est 7 sur 8
Statistiques - réponses
Par images Réponse % Correct
Mbappé
100%
Messi
100%
Modric
99%
Neymar
97%
Sergio Ramos
96%
Ronaldo
90%
Marquinhos
79%
Vinicius jr, Lucas Paquetá et Neymar
63%
Aucun quiz correspondant
Distribution des résultats
% des personnes avec chaque résultat
Percentile par nombre de réponses
Votre historique - résultats
Vous n’avez pas pris ce quiz